00413nam a2200145Ia 4500003000400000008004100004040001600045082001800061100002600079245007300105300001000178490003500188650002300223650002100246GCL140319s9999 xx 000 0 ara d aGCL / cGCL04a336.22bح د1 aحامد الشريف10aدليل الاستثمار العقارى / cحامد الشريف a95 ص aكتاب الاقتصادىv004aالاستثمار04aالعقارات